The leap to globalization : (Record no. 15757)
[ view plain ]
| 000 -LEADER | |
|---|---|
| fixed length control field | 01491nam a2200265 a 4500 |
| 001 - CONTROL NUMBER | |
| control field | ASIN0787962112 |
| 005 - DATE AND TIME OF LATEST TRANSACTION | |
| control field | 20170105102925.0 |
| 008 - FIXED-LENGTH DATA ELEMENTS--GENERAL INFORMATION | |
| fixed length control field | 131210s2002 xxu eng d |
| 020 ## - INTERNATIONAL STANDARD BOOK NUMBER | |
| International Standard Book Number | 0787962112 (hardcover) |
| Terms of availability | $39.95 |
| 020 ## - INTERNATIONAL STANDARD BOOK NUMBER | |
| International Standard Book Number | 9780787962111 (hardcover) |
| 040 ## - CATALOGING SOURCE | |
| Original cataloging agency | 0 |
| 050 04 - LIBRARY OF CONGRESS CALL NUMBER | |
| Classification number | HD62.4 |
| 082 04 - DEWEY DECIMAL CLASSIFICATION NUMBER | |
| Classification number | 658.049 |
| Author Mark | KOR 2002 |
| 100 1# - MAIN ENTRY--PERSONAL NAME | |
| Personal name | Korine, Harry. |
| 245 14 - TITLE STATEMENT | |
| Title | The leap to globalization : |
| Remainder of title | creating new value from business without borders / |
| Statement of responsibility, etc. | Harry Korine, Pierre-Yves Gomez, Harry D. Korine. |
| 250 ## - EDITION STATEMENT | |
| Edition statement | 1st ed. |
| 260 ## - PUBLICATION, DISTRIBUTION, ETC. | |
| Place of publication, distribution, etc. | [S.l.] : |
| Name of publisher, distributor, etc. | Jossey-Bass, |
| Date of publication, distribution, etc. | 2002. |
| 300 ## - PHYSICAL DESCRIPTION | |
| Extent | 208 p. ; |
| Dimensions | 24 cm. |
| 520 ## - SUMMARY, ETC. | |
| Summary, etc. | Whereas previous research concentrated on articulating what global strategies look like in large multinational companies with decades of experience in operations abroad, The Leap to Globalization focuses on how globalizing is realized over time in companies that start from a narrow geographic base. Three characteristics differentiate globalizing as observed in current practice from simple international expansion. First, globalization implies a redefinition of customer value; second, globalizing is an entrepreneurial process that transforms the company; and third, speed plays an essential role in globalization. |
| 650 #0 - SUBJECT ADDED ENTRY--TOPICAL TERM | |
| Topical term or geographic name entry element | International business enterprises--Management |
| 700 1# - ADDED ENTRY--PERSONAL NAME | |
| Personal name | Gomez, Pierre-Yves. |
| 700 1# - ADDED ENTRY--PERSONAL NAME | |
| Personal name | Korine, Harry D. |
| 856 40 - ELECTRONIC LOCATION AND ACCESS | |
| Materials specified | Amazon.com |
| Uniform Resource Identifier | <a href="http://www.amazon.com/exec/obidos/ASIN/0787962112/chopaconline-20">http://www.amazon.com/exec/obidos/ASIN/0787962112/chopaconline-20</a> |
| 942 ## - ADDED ENTRY ELEMENTS (KOHA) | |
| Source of classification or shelving scheme | |
| Koha item type | Book |
| Withdrawn status | Lost status | Damaged status | Not for loan | Collection code | Permanent Location | Current Location | Shelving location | Date acquired | Total Checkouts | Full call number | Barcode | Date last seen | Price effective from | Koha item type |
|---|---|---|---|---|---|---|---|---|---|---|---|---|---|---|
| Centre for International Peace & Stability (CIPS) | Centre for International Peace & Stability (CIPS) | General Stacks | 10/02/2013 | 658.049 KOR 2002 | CIPS0001959 | 12/11/2013 | 12/11/2013 | Book |
